000 00579nam a2200205 a 4500
005 20210219152911.0
008 991125n 000 0 spa u
035 _aUPN01000066314
222 _aCOMUNICACION EDUCATIVA SEP
245 _aBuenas perspectivas para editores : dentro del programa educativo
260 _aMéxico
300 _a3
362 0 _a1989 Año 6, no. 73, nov.
653 0 _aCAMARA NACIONAL DE LA INDUSTRIA EDITORIAL (MEXICO)
653 0 _aEDITORES
653 0 _aGRIJALBO SERRES, JUAN
653 0 _aSEP
904 _aAC
_b004125
905 _aArticulo
999 _c63445
_d63445